000 01239nam0a22002891 4500
001 rc\3627360
005 20130115144616.5
021 _aRU
_b[71-363]
035 _a(NLR Aleph) 007823371
090 _a7751168
_c7751168
100 _a20130115d1970 |||y0rusy50 ca
101 0 _arus
102 _aRU
105 _aa z |||||
200 1 _aМеханизмы прибоя уточной нити ткацких станков
_e[Обзор]
_fМ-во легкой пром-сти СССР. Центр. науч.-исслед. ин-т информации и техн.-экон. исследований легкой пром-сти
210 _aМосква
_cБ. и.
_d1970
215 _a62 с.
_cчерт.
_d21
300 _aСост. указаны на обороте тит. л.: доценты Н.С. Махова, И.В. Бессчастный
320 _aБиблиогр.: с. 60-61 (49 назв.)
606 _aТкацкие станки
_xМеханизмы прибоя
_2psbo
700 1 _aМахова
_bН. С.
_4220
701 1 _aБессчастный
_bИ. В.
_gИгорь Васильевич
_4220
801 0 _aRU
_bNLR
_gpsbo
801 1 _aRU
_bELAR
_2rusmarc
852 _aNLR
_j70-6/10499
942 _cBOOK
980 _aNB